All-NBA Washed Team - Statistics

General Stats
  • This quiz has been taken 24 times
  • The average score is 9 of 15
Answer Stats
Answer Position Team Washed% % Correct
Paul George F Philadelphia 76ers 70%
92%
Joel Embiid C Philadelphia 76ers 30%
83%
Russell Westbrook G Denver Nuggets 75%
83%
Chris Paul G San Antonio Spurs 80%
79%
Mike Conley G Minnesota Timberwolves 80%
75%
Kyle Lowry G Philadelphia 76ers 95%
67%
DeAndre Jordan C Denver Nuggets 85%
58%
Andrew Wiggins F Miami Heat 60%
50%
Ben Simmons G/F Los Angeles Clippers 80%
50%
D'Angelo Russell G Brooklyn Nets 70%
46%
Klay Thompson G Dallas Mavericks 65%
46%
Kyle Kuzma F Milwaukee Bucks 45%
42%
Jeff Green F Houston Rockets 85%
38%
P.J. Tucker F New York Knicks 90%
38%
Taj Gibson F/C Charlotte Hornets 95%
17%
No matching quizzes found
Score Distribution
Percent of People with Each Score
Percentile by Number Answered
Your Score History
You have not taken this quiz